000 00704nam a2200253Ia 4500
008 160803s9999 xx 000 0 und d
020 _a0 439371503
100 _aFreeman, Don
245 _aCorduroy's best Halloween ever! /
245 _cbased on the character created by Don Freeman ; illustrated by Lisa McCue.
260 _aNew York :
260 _bScholastic Inc.
260 _c2001
300 _a[29] unnumbered pages :
300 _bcolor illustrations ;
300 _c21 cm.
650 _aCostume --
650 _aHalloween --
650 _aTeddy bears --
650 _xJuvenile fiction.
650 _xJuvenile fiction.
650 _xJuvenile fiction.
700 _a140
999 _c298943
_d298943